[Event "Leverkusen-ch op 11th"]
[Site "Leverkusen"]
[Date "1999.02.19"]
[Round "4"]
[White "Schmid, Mario"]
[Black "Koehler, Markus"]
[Result "1/2-1/2"]
[WhiteElo "1767"]
[BlackElo "2043"]
[PlyCount "37"]
[EventDate "1999.01.08"]
[EventType "swiss"]
[EventRounds "9"]
[EventCountry "GER"]
[SourceTitle "EXT 2006"]
[Source "ChessBase"]
[SourceDate "2005.11.24"]
[SourceVersion "1"]
[SourceVersionDate "2005.11.24"]
[SourceQuality "1"]

1. f4 Nc6 2. Nf3 Nf6 3. e3 g6 4. b3 Bg7 5. Bb2 0-0 6. Be2 d6 7. 0-0 e5 8. fxe5 Ng4 9. Nc3 Ncxe5 10. Qe1 Nxf3+ 11. Bxf3 Ne5 12. Rb1 Bf5 13. Be4 Bxe4 14. Nxe4 f5 15. Ng3 a5 16. a4 Rf7 17. Ne2 Nc6 18. Bxg7 Kxg7 19. Nf4 1/2-1/2